| 000 | 00885nam a22002651u 4500 | ||
|---|---|---|---|
| 001 | 06096 | ||
| 003 | HDC | ||
| 007 | cr bn --- | ||
| 008 | 210122p xx fo d 00 engg | ||
| 040 | _aHDC | ||
| 100 |
_aKnut Joerstad _96399 |
||
| 245 | 0 |
_aTraceability supporting the Value of Halal as a Brand / _cby Knut Joerstad |
|
| 260 |
_a[No place] : _b[publisher not identified], _c2008 |
||
| 300 |
_a15 pages : _bIllustrations |
||
| 336 |
_atext _2rdacontent |
||
| 337 |
_acomputer _2rdamedia |
||
| 338 |
_aonline resource _2rdacarrier |
||
| 650 |
_aFood Industry _9536 |
||
| 650 |
_aHalal branding _964 |
||
| 650 |
_aHalal industry _9144 |
||
| 856 | _zRequest full-text at [email protected] | ||
| 942 | _2lcc | ||
| 942 | _cSLIDE | ||
| 942 | _kSLID 000696 | ||
| 999 |
_c3420 _d3420 |
||